01203 2200253 4500001002100000005001500021035002000036008004100056020001800097041000800115082001100123084001700134100001900151700002200170245009400192250001100286260005200297300003000349520047400379990002400853990002400877990002400901990002400925INLIS00000000000217220221018112924 a0010-0520002172221018 | | ind  a979-1026-10-6 aind a297.53 a297.53 QAS m0 aQasim Abdullah0 aYasir Abdurrahman1 aMengisi Ramadhan Seperti Mereka : Program Harian Menjadi Orang Bertaqwa /cQasim Abdullah acet. 1 aJakarta :bAcademic ( India ) Publishers,c2006 a300 hlm. ; 21 cm ;c21 cm aSelamat datang,Ramadhan,bulan yang dirindukan oleh segenap insan beriman.Tiada bulan seindah Ramadhan.didalamnya,al-Qur'an diturunkan dan malam lailatul Qadar di hadirkan. Istilah Ramadhan dengan amal ibadah orang-orang takwa.Dengan menyerap hikmah dan teladan bagi mereka dalam buku ini,Ramadhan pun akan mengantarkan kita menuju curahan ampunan,rahmat,dan anugrah allah.Generasi takwa itulah yang benar-benar telah menemukan kunci kebahagiaan sejati bersama Ramadhan. a00655/MKRI-P/V-2007 a04031/MKRI-P/X-2006 a04031/MKRI-P/X-2006 a00655/MKRI-P/V-2007